| 000 | 01881nam0a2200481 4500 | ||
|---|---|---|---|
| 001 | RU\NLR\bibl\1772924 | ||
| 005 | 20250616132145.0 | ||
| 010 |
_a978-5-903830-21-3 _91000 |
||
| 021 |
_aRU _b2011-32557 _92318 |
||
| 035 | _a(nilc)LIBNET\0000130288 | ||
| 035 | _a2VIL\RUSMED\0000185798 | ||
| 035 | _a(NLR Aleph) 001763703 | ||
| 090 |
_a1594343 _c1594343 |
||
| 100 | _a20110510d2011 |||y0rusy50 ca | ||
| 101 | 0 | _arus | |
| 102 | _aRU | ||
| 105 | _aa ||||||||| | ||
| 200 | 1 |
_aКлассическая китайская акупунктура _fВ. И. Дашко, А. И. Дашко |
|
| 205 | _a[2-е изд., испр. и доп.] | ||
| 210 |
_aТверь _cКнижный клуб _d2011 |
||
| 215 |
_a518, [1] с. _cил. _d30 |
||
| 320 | _aБиблиогр. в конце кн. (47 назв.) | ||
| 320 | _aАлф. указ. акупунктур. корпорал. точек: с. 512-518 | ||
| 606 | 1 |
_aАКУПУНКТУРА (ДИСЦ) _2rus_mesh _3R46365 |
|
| 606 | 1 |
_aACUPUNCTURE _2rus_mesh _3E46365 |
|
| 606 | 1 |
_aМЕДИЦИНА КИТАЙСКАЯ ТРАДИЦИОННАЯ _2rus_mesh _3R8673 |
|
| 606 | 1 |
_aMEDICINE, CHINESE TRADITIONAL _2rus_mesh _3E8673 |
|
| 606 | 1 |
_aИглоукалывание _jРуководства, пособия и т.п. _9917543 _3RU\NLR\auth\6616687 |
|
| 686 |
_a76.35.49 _2rugasnti |
||
| 686 |
_aH02.004 _v2011 _2MESH |
||
| 686 |
_aE02.190.488.585.520 _v2011 _2MESH |
||
| 686 |
_aI01.076.201.450.654.558.520 _v2011 _2MESH |
||
| 686 | _aР358.4я7 | ||
| 700 | 1 |
_aДашко _bВ. И. _gВладимир Иванович _4070 |
|
| 701 | 1 |
_aДашко _bА. И. _gАлександр Иванович _4070 |
|
| 801 | 0 |
_aRU _bЦНМБ _c20110510 _gPSBO |
|
| 801 | 1 |
_aRU _bЦНМБ _c20110510 |
|
| 801 | 2 |
_aRU _bЦНМБ _c20110517 |
|
| 801 | 2 |
_aRU _bNLR _c20110524 _grcr |
|
| 942 | _cBOOK | ||
| 980 | _aNB | ||
| 980 | _aNBR | ||